Prieskum vnímania osobnosti značky vybranou spotrebiteľskou skupinou bakalárska práca

Salvato in:
Dettagli Bibliografici
Autore principale: Paulíková Papšíková, Dominika
Ente Autore: Obchodná fakulta EU. Katedra marketingu
Altri autori: Kopaničová, Janka, 1979-
Natura: Libro
Lingua:slovacco
Pubblicazione: Bratislava 2014
Tags: Aggiungi Tag
Nessun Tag, puoi essere il primo ad aggiungerne!!

MARC

LEADER 00000nbm a2200000 4500
001 0188279
005 20170201101200.6
041 0 |a slo 
044 |a SK 
245 1 0 |a Prieskum vnímania osobnosti značky vybranou spotrebiteľskou skupinou  |b bakalárska práca  |c Dominika Paulíková ; školiteľ: Janka Kopaničová 
264 1 |a Bratislava  |c 2014 
300 |a 53 s. 
100 1 |a Paulíková Papšíková, Dominika 
700 1 |a Kopaničová, Janka, 1979- 
710 2 |a Obchodná fakulta EU. Katedra marketingu